000
00324nam a22001457a 4500
008
230622b ||||| |||| 00| 0 eng d
020
_a
9780321978592
041
_a
eng
080
_2
FIFTH EDITION
_a
51
082
_a
51GAY
100
_a
22
101
_a
MATE
245
_a
INTERMEDIATE ALGEBRA
_c
GAY.M.E
942
_2
udc
_c
BK
999
_c
60022
_d
60022